UM Logo

Online short-circuit current estimation of permanent magnet motors / (Record no. 21614)

MARC details
000 -LEADER
fixed length control field 01005nam a22002417a 4500
003 - CONTROL NUMBER IDENTIFIER
control field OSt
005 - DATE AND TIME OF LATEST TRANSACTION
control field 20250411084811.0
008 - FIXED-LENGTH DATA ELEMENTS--GENERAL INFORMATION
fixed length control field 240913b ||||| |||| 00| 0 eng d
040 ## - CATALOGING SOURCE
Transcribing agency 0
082 ## - DEWEY DECIMAL CLASSIFICATION NUMBER
Classification number DPer 621.317 Ie21 December 2022 v.37 n. 12 part 1&2.
100 ## - MAIN ENTRY--PERSONAL NAME
Personal name Li, Chen.
Relator term author.
9 (RLIN) 60987
245 ## - TITLE STATEMENT
Title Online short-circuit current estimation of permanent magnet motors /
Statement of responsibility, etc. Chen Li, Kudra Baruti, and Bilal Akin.
260 ## - PUBLICATION, DISTRIBUTION, ETC. (IMPRINT)
Place of publication, distribution, etc. New York ;
Name of publisher, distributor, etc. The Institute of Electrical and Electronics Engineers, Inc.,
Date of publication, distribution, etc. December 2022.
300 ## - PHYSICAL DESCRIPTION
Extent volume 37, pages 15554-15570,
Other physical details illustration.
500 ## - GENERAL NOTE
General note IEEE Transactions on Power Electronics, v. 37 n. 12, pages 15554-15570, December 2022.
650 #0 - SUBJECT ADDED ENTRY--TOPICAL TERM
Topical term or geographic name as entry element Fault severity estimation.
9 (RLIN) 66314
650 #0 - SUBJECT ADDED ENTRY--TOPICAL TERM
Topical term or geographic name as entry element interturn short-circuit fault (ITSC).
9 (RLIN) 66315
650 #0 - SUBJECT ADDED ENTRY--TOPICAL TERM
Topical term or geographic name as entry element short-circuit current estimation.
9 (RLIN) 66316
700 ## - ADDED ENTRY--PERSONAL NAME
Personal name Li, Chen.
Relator term author.
9 (RLIN) 60987
700 ## - ADDED ENTRY--PERSONAL NAME
Personal name Baruti, Kudra.
Relator term author.
9 (RLIN) 60988
700 ## - ADDED ENTRY--PERSONAL NAME
Personal name Akin, Bilal.
Relator term author.
9 (RLIN) 60989
942 ## - ADDED ENTRY ELEMENTS (KOHA)
Source of classification or shelving scheme Dewey Decimal Classification
Koha item type Periodicals
Holdings
Withdrawn status Lost status Source of classification or shelving scheme Damaged status Not for loan Collection code Home library Current library Date acquired Total Checkouts Full call number Date last seen Price effective from Koha item type Public note
    Dewey Decimal Classification     Periodicals UM Digos College - LIC UM Digos College - LIC 09/13/2024   DPer 621.317 Ie21 December 2022 v.37 n. 12 part 1&2. 09/13/2024 09/13/2024 Periodicals Periodical Article